| 000 | 01114cam a2200337 a 4500 | ||
|---|---|---|---|
| 001 | 59692 | ||
| 003 | CO-BoRNBP | ||
| 005 | 20251029161719.0 | ||
| 007 | ta | ||
| 008 | 950810s1995 ck ao r 00010 spa d | ||
| 040 |
_ala _cla |
||
| 041 | 0 | _aspa | |
| 082 | 0 | 4 |
_a638.1 _bV17p _219 ed. |
| 100 | 1 |
_aVásquez R., Rodrigo E. _966358 |
|
| 245 | 1 | 0 |
_aProducción apícola / _cRodrigo E. Vásquez R., Jorge E. Tello D. ; fotografías Antonio Ríos ; ilustraciones Mauricio Bernal P. |
| 250 | _aEdición María Consuelo Perry R. | ||
| 300 |
_a127 p. : _bil., fots. ; _c24 cm. |
||
| 336 |
_2rdacontent _atexto _btxt |
||
| 337 |
_2rdamedia _asin mediación _bn |
||
| 338 |
_2rdacarrier _avolumen _bnc |
||
| 504 | _aIncluye bibliografía. | ||
| 650 | 7 |
_aApicultura. _2BLAAUTO _964903 |
|
| 650 | 7 |
_aAbejas. _2BLAAUTO _93036 |
|
| 700 | 1 |
_aTello D., Jorge E. _966359 |
|
| 700 | 1 |
_aPerry R., María Consuelo, _eed. _966360 |
|
| 700 | 1 |
_aRíos, Antonio, _eil. _966361 |
|
| 700 | 1 |
_aBernal P., Mauricio, _eil. _966362 |
|
| 830 | 0 |
_aLista Básica-Bibliotecas Públicas 2. _942480 |
|
| 942 |
_2ddc _cBK |
||
| 949 |
_ac _bn |
||
| 999 |
_c59692 _d59692 |
||